Things that are Black and Grey - Statistics

General Stats
  • This quiz has been taken 34 times
  • The average score is 8 of 8
Answer Stats
Picture Answer % Correct
Dog
100%
Book
97%
Key
97%
TV / Television
97%
Umbrella
97%
Bird
93%
Keyboard
93%
Tire
83%
No matching quizzes found
Score Distribution
Percent of People with Each Score
Percentile by Number Answered
Your Score History
You have not taken this quiz